Basic IELTS Speaking

Mô tả phần thi nói của bài thi IELTS và các dạng bài nói thường thấy trong bài thi IELTS. Kèm theo hai bài thi thử

Đã lưu trong:
书目详细资料
主要作者: Zhang, Juan
其他作者: Alison Wong
格式: 图书
语言:Undetermined
出版: Tp. Hồ Chí Minh Tổng hợp Tp. Hồ Chí Minh; Công ty TNHH Nhân Trí Việt 2011
主题:
在线阅读:http://lrc.tdmu.edu.vn/opac/search/detail.asp?aID=2&ID=16183
标签: 添加标签
没有标签, 成为第一个标记此记录!
Thư viện lưu trữ: Trung tâm Học liệu Trường Đại học Thủ Dầu Một
LEADER 00895nam a2200217Ia 4500
001 TDMU_16183
008 210410s9999 xx 000 0 und d
082 |a 428.3 
090 |b ZH106 
100 |a Zhang, Juan 
245 0 |a Basic IELTS Speaking 
245 0 |c Zhang Juan, Alison Wong 
260 |a Tp. Hồ Chí Minh 
260 |b Tổng hợp Tp. Hồ Chí Minh; Công ty TNHH Nhân Trí Việt 
260 |c 2011 
300 |a 204tr. 
520 |a Mô tả phần thi nói của bài thi IELTS và các dạng bài nói thường thấy trong bài thi IELTS. Kèm theo hai bài thi thử 
650 |a Tiếng Anh  |x Kỹ năng nói  |v Sách luyện thi; IELTS  |x  Kỹ năng nói 
700 |a Alison Wong 
856 |u http://lrc.tdmu.edu.vn/opac/search/detail.asp?aID=2&ID=16183 
980 |a Trung tâm Học liệu Trường Đại học Thủ Dầu Một